000 00728nam a22002175i 4500
001 165034
003 ES-MaACL
005 20251003063147.0
008 950206s1845 sp |||| | spa d
040 _aCLM
100 1 _aScott, Walter,
_cSir,
_d1771-1832
_9104957
245 1 4 _aLas aventuras de Nigel /
_cpor Walter Scott.
260 _aMadrid :
_bEstablecimiento Tipográfico de D.F. de P. Mellado, Editor,
_c1845.
300 _a2 v.(XXXIX, 352 ; 328 p.) ;
_c17 cm.
490 1 _aBiblioteca Popular ;
_v264
597 1 _aAntep.
752 _aEspaña -
_dMadrid
830 0 _aBiblioteca Popular ;
_v264
_9181768
852 _aES-MaACL
_jD-1606
_z-- Enc. hol.
_z-- Enc. 2 t. en 1 v.
999 _c165034
_d165034